[Event "RUS-ch51"]
[Site "St Petersburg"]
[Date "1998.07.30"]
[Round "3"]
[White "Yevseev, Denis"]
[Black "Smagin, Sergey"]
[Result "0-1"]
[WhiteElo "2470"]
[BlackElo "2575"]
[Annotator "Tsesarsky,I"]
[PlyCount "68"]
[EventDate "1998.07.28"]
[EventType "swiss"]
[EventRounds "11"]
[EventCountry "RUS"]
[SourceTitle "CBM 067"]
[Source "ChessBase"]
[SourceDate "1998.11.30"]
[SourceVersion "2"]
[SourceVersionDate "1998.11.01"]
[SourceQuality "1"]

{[%mdl 16480]} 1. d4 d5 2. c4 e6 3. Nf3 Nd7 4. g3 (4. Bg5 f6 $5 (4... Be7 5.
Bxe7 Qxe7 6. e3 Ngf6 7. Nc3 O-O 8. Qb3 c6 9. Rd1 $14)) 4... dxc4 (4... c6 5.
Qc2 $5) 5. Bg2 (5. Qa4 a6 $1 6. Qxc4 (6. Nc3 $6 Rb8 $15) 6... b5 {/\ Bb7=})
5... Bb4+ (5... Nb6 6. Ne5 (6. O-O Ne7 (6... Nf6 7. Nbd2 $14) 7. e4 (7. Ne5 Nf5
$1 8. e3 (8. Be3 $6 c5 $1) 8... c5 $15 (8... Nd6 9. Nd2 Bd7 10. a4 Be7 11. a5
Nd5 12. Ndxc4 $11)) 7... Nc6 8. Nc3 Be7 9. Be3 (9. d5 exd5 10. exd5 Nb4 11. Ne5
O-O $17 (11... Bf5 $5 12. Qf3 Bg6 $17)) (9. Bf4 $15) 9... O-O (9... Bf6 $5 {
Smagin,S}) 10. Qe2 Bd7 11. Rad1 $44 {1/2-1/2 Shipov,S-Smagin,S/Moscow 1995/Inf
63/[Shipov,S] (44) ()}) 6... Ne7 7. Nxc4 Nc6 8. Nxb6 axb6 9. e3 Be7 10. O-O O-O
11. Nc3 $14 (11. e4 $2 e5 $2 (11... Qxd4 12. Nc3 Rd8 $17) (11... Nxd4 12. Be3
c5 13. Nc3 b5 $17) 12. d5 Nd4 13. Be3 Bc5 14. f4 (14. Nd2 Bd7 15. a3 Ba4 16.
Qb1 Bb5 17. Re1 Re8 $132 {1-0 Krasenkov Mikhail-Smagin Sergey/It "PCA Grand
Prix" (select), Moscow (R 1996 (39)}) 14... f6 15. Nc3 $14)) (5... Rb8 6. a4 a6
7. a5 $1 b5 8. axb6 Nxb6 $14 (8... cxb6 $6 9. Bf4 Rb7 10. Rxa6 $1 $16)) (5...
c6 $5 6. Nc3 b5 7. O-O $44) (5... c5 6. O-O a6 7. a4 Ngf6 8. Nbd2 cxd4 9. Nxc4
Nb6 10. Nxb6 Qxb6 11. a5 Qa7 12. Bf4 Bd7 13. Be5 Bc5 $11 {1/2-1/2 Lobach,
P-Blatny,P/Pardubice op 1995/EXT 95op (46)}) (5... a6 6. Nbd2 b5 7. Ne5 Nxe5 8.
Bxa8 Qxd4 9. Bg2 Bc5 10. O-O Nf6 11. Qc2 Neg4 $15 {0-1 Kottke,U-Blatny,P/OLNW
1992/BIG 90 (27)}) 6. Nbd2 (6. Bd2 Bd6 (6... Be7 $5) 7. Qa4 Ngf6 8. Nc3 a6 9.
Qxc4 b5 10. Qb3 Bb7 $11) 6... Ne7 7. O-O b5 8. a4 (8. Qc2 Bb7 9. a4 a6 10. b3
c3 11. Nb1 (11. Ne4 Nd5 12. axb5 axb5 13. Bg5 f6 $17) 11... Nd5 12. e4 N5f6 13.
Re1 c5 14. Nxc3 Bxc3 15. Qxc3 Nxe4 16. Qe3 O-O $15) 8... c6 9. axb5 cxb5 10.
Ne5 Rb8 (10... Nxe5 11. Bxa8 Qxd4 12. Nf3 Nxf3+ 13. Bxf3 Bc5 14. Be3 Qxd1 15.
Rfxd1 Bxe3 16. fxe3 a6 $132) 11. Ne4 $44 a5 (11... Nxe5 12. dxe5 O-O 13. Rxa7
Nc6 14. Qxd8 Rxd8 15. Nf6+ gxf6 16. Bxc6 fxe5 17. Bg5 Rd6 18. Be8 f5 (18... Kf8
19. Bxf7 Rb7 20. Ra8 (20. Rxb7 Bxb7 21. Bh5 $132) 20... Kxf7 21. Rxc8 Ra7 22.
Rb8 $11) 19. Bf7+ Kg7 20. Be8+ Kf8 21. Bh5 Bb7 22. Bf6 Rd7 23. Bxe5 Rbd8 24.
Bf6 Be4 25. Rxd7 Rxd7 26. Ra1 $132) 12. Bf4 Rb6 13. Qc2 Bb7 14. Nxd7 (14. Rfd1
$5 $44) 14... Qxd7 15. Nc5 Bxc5 16. dxc5 Ra6 17. Rfd1 (17. e4 O-O 18. Rfd1 Qc6
19. Bd6 Re8 20. Bxe7 Rxe7 21. Rd6 Qc7 22. Qd2 (22. e5 Re8 23. Qd2 Bc6 (23...
Bxg2 24. Rxa6 $16) 24. Rd1 h6 25. Qf4 Rf8 26. Qd4 $44) 22... Bc6 23. e5 $44)
17... Qc8 18. Bxb7 Qxb7 19. Rd6 (19. Bd6 O-O 20. c6 Rxc6 21. Rxa5 Rfc8 22. Bxe7
Qxe7 23. Rxb5 $11) 19... O-O 20. Qd2 $2 $17 (20. Rxa6 $1 Qxa6 21. Bd6 Qa7 (
21... Re8 22. Bxe7 Rxe7 23. Qd2 Qc6 24. Qxa5 Re8 25. Qb6 Qd7 26. e4 Qd4 27.
Qxb5 $16) 22. b3 Rc8 (22... cxb3 23. Qxb3 Ra8 24. Qxb5 a4 25. Ra3 Nf5 26. e4
Nd4 27. Qc4 Nc6 $11) 23. bxc4 Nf5 24. Rd1 Nxd6 (24... b4 25. e4 Ne7 (25... Nxd6
26. cxd6 a4 27. c5 b3 28. Qc3 Qa6 29. d7 Rd8 30. c6 $18) 26. Qa4 Nc6 27. e5 Qb7
28. Rd3 $11) 25. cxd6 Qc5 26. d7 Rd8 27. Rc1 b4 28. Qa4 $11) 20... Nc6 21. Rd7
(21. Rd1 Qc8 22. Qc3 Nb4 23. Qd4 Rxd6 24. cxd6 Qd7 $17) 21... Qa8 22. Bc7 $2
$19 (22. Rd1 a4 $17) 22... Ra7 (22... a4 $19) 23. Rd1 (23. e4 a4 24. Qd6 b4 (
24... c3 25. bxc3 a3 26. Bb6 Rxd7 27. Qxd7 b4 28. cxb4 Nxb4 29. Qb5 Nc2 30. Ra2
Qxe4 31. Qb1 $8 Ra8 32. c6 Qb4 $1 33. Qxc2 Qxb6 34. c7 $132) 25. f3 a3 $19)
23... a4 24. Qf4 c3 $1 (24... b4 25. Qxc4 Qc8 $19) 25. bxc3 a3 26. Ra1 (26. Qd6
a2 27. Ra1 b4 28. cxb4 Nxb4 $19) 26... Qc8 (26... a2 27. Qd6 (27. e4 b4 28.
cxb4 Nxb4 29. Rd2 Ra3 $17) 27... b4 28. cxb4 Nxb4 $19) 27. Qd6 Ra6 (27... Ne5
28. Re7 (28. Rd8 Rxd8 29. Qxd8+ Qxd8 30. Bxd8 a2 31. Kf1 Kf8 $17) 28... Nc4 29.
Qc6 Na5 $1 (29... a2 30. Qxb5 Rb7 31. Bb6 Rxe7 32. Qxc4 $44) 30. Qb6 (30. Qd6
Nb3 31. Ra2 Nc1 32. Rc2 Nxe2+ 33. Rxe2 a2 34. Rxa2 Rxa2 35. c6 Qa8 36. Bb6 Qa4
$19) 30... Ra6 31. Qxa6 (31. Qxb5 Nc6 32. Rxa3 Nxe7 33. Qxa6 Qxc7 34. Qd6 Rc8
$19) 31... Qxa6 32. Rxa3 Qa7 $1 33. Bd6 Qa8 34. Bc7 Qd5 35. Rxa5 Qxc5 36. Rd7
Qxc3 $19) 28. Bb6 Qa8 29. Ra2 b4 30. cxb4 Nxb4 31. Ra1 a2 32. Qd2 Nd5 33. f3
Qc6 34. Ra7 Rxb6 0-1

[Event "Corus-B"]
[Site "Wijk aan Zee"]
[Date "2002.01.27"]
[Round "11"]
[White "Krasenkow, Michal"]
[Black "Tregubov, Pavel V"]
[Result "1/2-1/2"]
[WhiteElo "2632"]
[BlackElo "2626"]
[Annotator "Tsesarsky,I"]
[PlyCount "82"]
[EventDate "2002.01.15"]
[EventType "tourn"]
[EventRounds "11"]
[EventCountry "NED"]
[EventCategory "11"]
[SourceTitle "CBM 087"]
[Source "ChessBase"]
[SourceDate "2002.03.21"]
[SourceVersion "1"]
[SourceVersionDate "2002.03.21"]
[SourceQuality "1"]

1. Nf3 d5 2. d4 c6 3. c4 e6 4. Qc2 dxc4 5. Qxc4 Nf6 6. Bg5 b5 7. Qc2 Bb7 8. e3
Nbd7 9. Be2 (9. Nbd2 a6 10. a4 h6 11. Bxf6 Qxf6 12. Bd3 $14 {-see commented
game 1/2-1/2 Sanjay,N-Kharlov,A/Calcutta 2001/CBM 82_01 [Tsesarsky,I](44)}) ({
More popular is} 9. Bd3 h6 (9... Rc8 10. O-O a6 11. a4 c5 12. axb5 c4 (12...
Bxf3 13. gxf3 cxd4 14. Qe2 axb5 15. Bxb5 Be7 $132) 13. Be2 axb5 14. Nc3 $14 (
14. b3 $132 {1-0 Paunovic,D-Kalezic,B/Herceg Novi YUG 2001/The Week in Chess
358 (41)})) 10. Bh4 {-see commented game 1-0 Gurevich,M-Grischuk,A/Cannes 2001/
CBM 82_01[Tsesarsky,I] (44)} (10. Bxf6 $5)) 9... a6 {[%cal Gc6c5] Black
prepares c6-c5 promotion.} (9... Qb6 10. O-O (10. Nc3 a6 11. a4 c5 12. axb5
cxd4 13. exd4 $14) 10... c5 11. a4 a6 12. axb5 axb5 13. Rxa8+ Bxa8 14. dxc5
Bxc5 15. Bxf6 (15. b4 Bxb4 {1/2-1/2 Masternak,A-Van der Vorm,T/DEN 1999/EXT
2000 (15)}) 15... gxf6 16. Rc1 b4 (16... O-O 17. Nc3 Rd8 18. Nxb5 Bxf3 19. gxf3
$16) 17. Nbd2 $14) 10. a4 {[%csl Rb5] White, in other side, puts pressure on
Pb5.} Rc8 (10... Bb4+ $6 11. Nc3 Be7 12. O-O $14 {1/2-1/2 Giffard,N-Sarmiento
Alfonso,B/Las Palmas 1993/EXT 97 (51)}) 11. O-O ({Worth of attention} 11. Nc3 {
[%csl Rb5][%cal Gc3b5,Ga4b5] increasing pressure on Pb5.} c5 12. d5 $5 b4 (
12... Qa5 13. dxe6 fxe6 14. O-O b4 15. Nb1 c4 16. Nbd2 b3 17. Qb1 Bxf3 18. Nxf3
Bd6 19. Rc1 Qb4 20. Bxf6 Nxf6 21. Rc3 O-O 22. Qf1 $14 {[%csl Rc4][%cal Gf1c4,
Gc3c4]}) 13. dxe6 fxe6 14. Nb1 c4 15. Bxc4 (15. O-O Be4 16. Qc1 Qa5 $15) 15...
Bxf3 16. gxf3 Ne5 17. Bxf6 gxf6 18. Nd2 Qd5 19. b3 (19. Bxd5 Rxc2 20. Bxe6 Rxb2
21. Ke2 Nxf3 22. Kxf3 Rxd2 23. Rhd1 Rd6 24. Bd5 $14) 19... Nxc4 20. bxc4 (20.
Nxc4 Qxf3 21. Rg1 Rc5 $132) 20... Qe5 21. Rc1 f5 22. f4 $14) 11... Be7 12. Nbd2
O-O 13. Bxf6 gxf6 14. Nb3 $6 $11 ({Better looks} 14. Qe4 $5 {[%cal Gf1c1,Ge4b7]
preventing c6-c5 promotion} Qb6 (14... Nb6 15. a5 Nd7 16. Rfd1 f5 17. Qf4 c5
18. dxc5 Nxc5 19. b4 Bd6 20. Qh6 Nd7 21. Ng5 Nf6 22. Bf3 $14) 15. Qg4+ (15. Qh4
Rfe8 {[%cal Gf6f5]} 16. Bd3 f5 17. Qg3+ Kh8 18. Ng5 Bxg5 19. Qxg5 c5 $132)
15... Kh8 16. Qh4 Rg8 17. Bd3 Rg7 18. axb5 cxb5 19. Be4 $14 {[%csl Rf6,Rf7]})
14... c5 15. axb5 cxd4 16. Qd2 ({Or} 16. Qd1 dxe3 17. bxa6 exf2+ 18. Rxf2 Bd5
19. Nfd4 Ne5 $132) 16... dxe3 17. Qxe3 axb5 18. Bxb5 Nc5 (18... Bd5 $132) 19.
Nxc5 (19. Nbd4 Qb6 20. b4 Rfd8 $1 21. Rfc1 (21. bxc5 Bxc5 22. Rfd1 Bxf3 23.
Qxf3 Bxd4 24. Rab1 $44) 21... Bxf3 22. gxf3 Nb3 23. Rxc8 Rxc8 24. Nf5 Qxb5 (
24... Qxe3 25. Nxe7+ Kf8 26. fxe3 Rb8 (26... Kxe7 27. Ra7+ Kf8 28. Bd3 f5 29.
Kf2 $14 {[%csl Gb4][%cal Gb4b8]})) 25. Nxe7+ Kg7 26. Qxb3 (26. Nxc8 Nxa1 $11)
26... Rc7 $11 {[%csl Re7]}) 19... Rxc5 20. Bd3 f5 21. Rfd1 Rd5 22. Be2 Bf6 23.
Rab1 Qd6 (23... Rxd1+ 24. Rxd1 Qb8 $11) 24. Ne1 Rxd1 25. Rxd1 Qb4 26. Nd3 Qb3
27. Nc5 Qxe3 (27... Qxb2 28. Nxb7 Qxb7 $44) 28. fxe3 Bc6 (28... Bd5 $6 29. Nd7
Bxb2 30. Nxf8 Kxf8 31. Bf3 $14) 29. Nd7 {White decided to transform the game
into drawn endgame with BB opposite colour.} (29. b4 Rb8 30. Rd6 Be8 31. Na6
Rb7 32. Bf3 Ra7 $11) 29... Bxd7 30. Rxd7 Bxb2 31. Bh5 {[%csl Rf7]} Kg7 32. Kf2
Kf6 33. h3 h6 34. g4 fxg4 35. hxg4 Ba3 36. e4 e5 37. Rb7 Ke6 38. Kf3 f6 39. Bg6
Bc1 40. Rc7 Bg5 41. Rc8 $1 Rxc8 (41... Rxc8 42. Bf5+ $11) 1/2-1/2

[Event "SUI-ch"]
[Site "Pontresina"]
[Date "2000.07.13"]
[Round "1"]
[White "Wirthensohn, Heinz"]
[Black "Ekstroem, Roland"]
[Result "1/2-1/2"]
[WhiteElo "2404"]
[BlackElo "2487"]
[Annotator "Tsesarsky,I"]
[PlyCount "53"]
[EventDate "2000.07.13"]
[EventType "tourn"]
[EventRounds "9"]
[EventCountry "SUI"]
[EventCategory "9"]
[SourceTitle "CBM 079"]
[Source "ChessBase"]
[SourceDate "2000.11.21"]
[SourceVersion "1"]
[SourceVersionDate "2000.11.21"]
[SourceQuality "1"]

1. Nf3 Nf6 2. c4 e6 3. b3 c5 4. Bb2 Be7 5. g3 O-O (5... b6 $1 6. Bg2 Bb7 $11 {
-Tsesarsky}) 6. Bg2 Nc6 7. O-O d5 8. cxd5 exd5 $6 (8... Nxd5 $11) 9. d4 Ne4 $6
$14 (9... b6 $1 $132 {To avoid isolated P creation}) 10. dxc5 Bxc5 11. e3 Bg4
12. Nc3 {Another continuations also promise to White clear advantage:} (12. h3
Bh5 (12... Be6 13. Nc3 Re8 14. Ne2 Qd6 15. Nfd4 Rad8 16. Rc1 Bb6 $14 {1/2-1/2
Barlov,D-Spacek,P/St.Ingbert ,EXT 1989/ (46)}) 13. Nc3 (13. g4 $6 Bg6 14. Nc3
Nxc3 15. Bxc3 Be4 $11 {1-0 Scherer,M-Beckmann,K/Neckar Open, Deizisau GER 1998/
(84)}) 13... Nxc3 14. Bxc3 Re8 15. Qd2 $14 {[%csl Rd5]}) (12. Na3 $5 {[%csl
Rd5][%cal Ga3c2,Gc2d4]} Qe7 13. Nc2 Rad8 14. Ncd4 Rfe8 (14... Ne5 $5 15. h3
Bxd4 $1 16. Qxd4 Bxf3 17. Qxe5 Qxe5 18. Bxe5 Bxg2 19. Kxg2 Rfe8 20. Bd4 $14)
15. Kh1 h5 16. h3 Bc8 17. Rc1 Bd7 18. Kg1 Bb6 19. a3 $14 {[%csl Rd5] 0-1
Perich,S-Farina,S/Verona 1997 (60)}) 12... Nxc3 $6 $16 (12... Nf6 $142 {
trying to avoid pieces change} 13. Rc1 Bb6 14. Na4 Qe7 15. h3 Bf5 16. Nxb6 axb6
17. a4 Be4 18. Nd4 $14 {1-0 Valido,C-Delgado,M/Cuba ch sf Villa Clara 1995/(46)
}) 13. Bxc3 {White's plan is to change all NN and black-colour BB - and than
to start pressure on d5 isolated P .} Qd7 (13... Rc8 14. Qd3 $1 (14. h3 Bh5 15.
g4 (15. Qd2 Bxf3 16. Bxf3 d4 17. exd4 Bxd4 18. Bxc6 (18. Rad1 Ne5 $17) (18.
Rae1 Bxc3 19. Qxc3 Nd4 $11) 18... Bxc3 $11) 15... Bg6 16. Qd2 Be4 $11 {1-0
Goldberg,G-Ravinsky,G/Moscow 1955/ (71)}) (14. Qd2 Bxf3 15. Bxf3 d4 16. exd4
Bxd4 17. Bxd4 Nxd4 $11 {and White can't take on b7}) 14... Bxf3 15. Bxf3 d4 16.
exd4 Bxd4 17. Bxd4 Nxd4 (17... Ne5 18. Qf5 Nxf3+ 19. Qxf3 Qxd4 20. Qxb7 $16)
18. Bxb7 $16) 14. Qd2 Bb6 (14... Qf5 {Don't help also} 15. Nh4 Qg5 (15... Qd7
$2 {[%tqu "En","?","","","c3g7","",10]} 16. Bxg7 $1 Kxg7 17. Qc3+ Bd4 18. exd4
$18 {1-0 Wians,C-Flear,C/Mondorf ,EXT 1991/ (29)}) 16. Bxd5 (16. Qxd5 Bxe3 $1
17. Bxg7 $1 Kxg7 18. fxe3 Qxe3+ 19. Kh1 Rad8 20. Nf5+ Bxf5 21. Qxf5 $14) 16...
Rad8 17. e4 $16) 15. Ne5 $1 {According to noted plan.} Nxe5 16. Bxe5 Rfd8 (
16... Rfe8 17. Bd4 Bc7 18. Rac1 Bd6 $14 (18... f6 $2 19. Bxf6 $1 Be6 (19...
gxf6 20. Qxd5+ $18) 20. Bb2 $18 {1-0 Zhu Chen-Dautov,R/It, Bad Homburg GER
1998/ (54)})) 17. Rac1 Bh3 18. Bxh3 Qxh3 19. Bc7 $1 Rd7 (19... Bxc7 $144 20.
Rxc7 Rd7 21. Rfc1 Rad8 {[%csl Rd5]} 22. Rxd7 Qxd7 23. Rc3 a6 24. Rd3 Qf5 25.
Kg2 $1 {[%csl Gf3]} (25. Rd4 {[%csl Rd5][%cal Ge3e4]} Qf3 26. e4 $140 Re8 $1
27. exd5 Re2 28. Rf4 $8 Rxd2 29. Rxf3 Rxd5 $11) 25... Qe4+ 26. f3 Qe5 27. Rd4
$16) 20. Bxb6 axb6 21. Qb4 {[%csl Rb6,Rb7,Rd5]} ({Quite good also} 21. Rc3 Rd6
22. Rfc1 Rad8 (22... Rh6 23. f3 Re8 24. Rc7 Qf5 25. Rxb7 Qxf3 (25... Rf6 26. f4
Rfe6 27. a4 $16) 26. Rf1 Qe4 27. Rfxf7 Rg6 28. Rf4 $16) 23. Rc7 Rh6 24. f3 $16)
21... h5 22. a4 (22. Rc2 $16) 22... d4 $2 $18 {Despair.} (22... Qe6 $142 $16)
23. exd4 h4 24. Rc4 ({Strong and simply was} 24. Qxb6 $1 Ra6 25. Qb5 Rh6 26.
Rc8+ Kh7 27. Qd3+ f5 28. Rc2 $18) 24... hxg3 25. fxg3 Re8 26. Rc2 (26. Re1 $18)
26... Qe6 27. Rcf2 {White has winning position, why to agree to draw?} (27.
Rcf2 Qe3 28. Qc4 $18) 1/2-1/2

[Event "SUI-ch"]
[Site "Pontresina"]
[Date "2000.07.21"]
[Round "9"]
[White "Wirthensohn, Heinz"]
[Black "Kaenel, Hansjuerg"]
[Result "0-1"]
[WhiteElo "2404"]
[BlackElo "2452"]
[Annotator "Tsesarsky,I"]
[PlyCount "120"]
[EventDate "2000.07.13"]
[EventType "tourn"]
[EventRounds "9"]
[EventCountry "SUI"]
[EventCategory "9"]
[SourceTitle "CBM 079"]
[Source "ChessBase"]
[SourceDate "2000.11.21"]
[SourceVersion "1"]
[SourceVersionDate "2000.11.21"]
[SourceQuality "1"]

1. c4 e6 2. Nf3 d5 3. d4 c6 4. g3 dxc4 5. Bg2 b5 6. O-O (6. Ne5 $5 {-see
comments to the game 1-0 Maherramzade,J-Tregubov,P/Ubeda 2000/CBM 75/
[Tsesarsky] (41)}) 6... Bb7 7. a4 a6 ({Not bad also} 7... Nf6 $5 8. Ne5 (8. b3
$6 cxb3 9. Qxb3 b4 10. a5 Qd5 11. Qa4 Qb5 12. Qc2 Bd6 (12... c5 $17) 13. Re1 c5
$17 {0-1 Simeonidis,I-Mastrovasilis,D/Chania GRE 1999/ (41)}) {and after} 8...
Qc7 {it is not easy for White to equalize:} 9. Nc3 (9. Bf4 $6 Nh5 $1 10. Ng6 (
10. Bd2 Nd7 11. Nc3 Nxe5 12. dxe5 b4 $17) (10. Nc3 Nxf4 11. gxf4 f6 $17) 10...
Nxf4 11. Nxh8 Nxg2 12. Kxg2 c5+ 13. f3 b4 14. dxc5 Bxc5 15. Qc2 Kf8 16. Qxh7
Bd4 $15 {[%csl Rb2,Rh8]}) 9... b4 10. Ne4 Nxe4 11. Bxe4 c5 12. Bxb7 Qxb7 13.
Be3 (13. Nxc4 Qd5 14. b3 cxd4 15. Bb2 Nc6 $17) 13... Nc6 14. Nxc6 (14. Nxc4
cxd4 $17) 14... Qxc6 15. Rc1 c3 16. bxc3 c4 17. cxb4 Bxb4 $15 {1/2-1/2 Nindl,
G-Varga,Z/Werfen ,EXT 1989 (44)}) (7... Qc7 8. Nc3 a6 9. Ne5 f6 10. Nf3 Nd7 11.
e4 Rd8 12. Qe2 Bb4 13. Bh3 Bxc3 14. bxc3 e5 15. dxe5 Nxe5 16. Nd4 Bc8 $15 {
1-0 Kirusha,A-Maximenko,O/Chigorin mem open, St Petersburg RUS 1997/(44)}) (
7... Nd7 {-mainline}) 8. b3 (8. Nc3 Nf6 9. Bg5 Nbd7 10. Qc2 h6 11. Bxf6 Nxf6
12. e4 Be7 13. Rfd1 O-O 14. Qe2 Qb6 $17 {0-1 Dezelak,B-Pavasovic,D/SLO-chT
Bled ,EXP 1996/ (22)}) (8. e4 Nf6 9. Ne5 Nbd7 10. f4 Be7 11. Be3 O-O 12. Nc3
Qb6 13. Kh1 Rad8 14. Bg1 c5 15. d5 exd5 16. exd5 Bd6 $17 {1/2-1/2 Cano Sanchez,
J-Carrasco Martinez,J/Barcelona ESP 2000/The Week in Chess 301 (25)}) 8... cxb3
9. Qxb3 ({To interesting game with compensation for P lack.} 9. Nbd2 Nf6 (9...
Nd7 10. Nxb3 b4 11. Nfd2 Ngf6 12. Nc4 Rc8 13. Qc2 Be7 14. Rd1 O-O 15. a5 Nd5
16. Bb2 Qc7 17. e4 $44 {0-1 Malich,B-Sehner,N/BL 1995/ (40)}) 10. Nxb3 Nbd7 11.
Qc2 Qb6 12. Bd2 Be7 13. Na5 Rc8 14. Ng5 Nd5 15. Nxh7 $132 {1/2-1/2 Cvitan,
O-Kaenel,H/SUI Grand Prix 1993 (39)}) 9... Nf6 {White has enough compensation
for P lack, but the game is quite complicated for both sides. White must be
careful - if Black will be lucky to neutralize initiative - Black will get
advantage. In other side, Black must be careful and to play precisely to avoid
tactical impacts of White} 10. Nc3 ({A little bit better was} 10. Rd1 Nbd7 11.
Nc3 Nd5 (11... Be7 12. Ne5 (12. Ba3 $44) 12... Qc8 13. Bg5 h6 14. Bxf6 Bxf6 15.
axb5 Nxe5 16. Ne4 O-O 17. Nxf6+ $1 (17. bxa6 $2 Bxa6 18. Nxf6+ gxf6 19. dxe5
Bxe2 $15 {0-1 Vekshenkov,N-Chantsev,S/Kemerovo 1991/ (54)}) 17... gxf6 18. dxe5
cxb5 (18... fxe5 19. bxc6 $18) 19. Rac1 Qb8 20. exf6 Bxg2 21. Qe3 Kh7 22. Kxg2
(22. Qd3+ Kg8 23. Qe3 $11) 22... Qb7+ 23. f3 Rg8 (23... Rad8 24. Rc5 Rxd1 25.
Rh5 $18) 24. Rd6 Rg6 25. Qd3 $16) 12. Bg5 $44) (10. Bb2 Be7 11. Nbd2 Nbd7 12.
Rfd1 O-O 13. Ne5 Nxe5 14. dxe5 Nd5 15. Ne4 Qc7 $15 {1-0 Zimmer,R-Froehlich,P/
Junior Teams, Eislingen GER 1996/ (29)}) 10... Nd5 $5 ({In my opinion, better
is} 10... Nbd7 $44) 11. Bg5 Be7 (11... Qd6 12. Ne4 Qb4 13. Qc2 $44) 12. Bxe7
Qxe7 (12... Nxe7 13. Ne4 O-O 14. Nc5 Bc8 15. Rfd1 $44) 13. Ne5 ({Why not} 13.
Nxd5 $1 exd5 (13... cxd5 14. axb5 O-O 15. b6 $14) 14. Rfc1 O-O 15. Ne5 $44 {
[%csl Rb7,Rc6]}) 13... O-O (13... Nxc3 14. Qxc3 O-O 15. Rfc1 {[%csl Rc6]} b4
16. Qb3 (16. Qc5 Qxc5 17. Rxc5 Rd8 18. e3 f6 19. Nc4 Nd7 20. Ra5 Rab8 21. Nd6
$44) 16... Rd8 17. e3 a5 $44) 14. Rfc1 ({Now after} 14. Nxd5 cxd5 (14... exd5
15. Rfc1 $11) 15. axb5 axb5 $11 {position is equal in both variations.}) 14...
Rd8 15. Ne4 {[%cal Ge4c5] I think, White evaluated this position as better for
White, not as equal, and wanted to win.} Ra7 (15... Nd7 $6 16. Nxc6 Bxc6 17.
Rxc6 Qb4 $14) 16. Nc5 Bc8 17. e3 (17. e4 Nf6 18. Rd1 (18. Qe3 {met by} Nfd7 $15
) 18... Nfd7 $1 19. Ncxd7 Bxd7 $15 {[%cal Gd7e8,Gf7f6]}) 17... f6 18. Ned3 Kh8
(18... Nd7 $2 19. Nxe6 $1 {[%csl Rc6,Rd5]} Qxe6 20. Rxc6 $18) 19. Nb4 $6 (19.
Bh3 $5 Rc7 (19... Nc7 20. Bg2 e5 21. dxe5 fxe5 22. Qc3 Re8 23. Nb4 $44) (19...
Qd6 20. Ne4 Qe7 21. Nec5 $44) 20. Bg2 $44) 19... Nxb4 20. Qxb4 a5 (20... e5 $44
) 21. Qb2 b4 22. Nb3 {[%csl Ra5][%cal Gc1c5]} Qc7 23. Rc5 Bd7 24. Rac1 Be8 25.
h4 (25. e4 Bf7 26. e5 $44) 25... Rd6 (25... Bf7 $5 26. Bxc6 Nxc6 27. Rxc6 Qd7
28. e4 e5 29. d5 $11) 26. Qe2 Qd8 27. Qg4 h6 28. h5 $6 {[%csl Rh5] Voluntary
weakness creation.} (28. Qe2 $44) 28... Nd7 $5 $44 {[%csl Rc6]} (28... Bf7 $5 {
[%csl Rb3][%cal Ge6e5]} 29. f4 $1 Bg8 (29... e5 30. fxe5 fxe5 31. dxe5 Rd3 32.
Nd4 Rxe3 33. Nxc6 Nxc6 34. Rxc6 $14) (29... f5 30. Qe2 Nd7 31. R5c2 Nf6 32. Bf3
Qe8 33. Bxc6 Bxh5 34. Bxe8 Bxe2 35. Bg6 Ba6 36. Nxa5 $16) 30. Qe2 Bh7 $44) 29.
R5c2 $5 (29. Rxc6 $143 $6 Rxc6 30. Bxc6 Nb6 31. Bxe8 (31. Qxe6 $2 Bf7 $19 {
[%csl Rb3]}) 31... Qxe8 32. Nc5 Rc7 33. Ra1 e5 {[%csl Ra4]} 34. Qf5 Nd5 $15 {
[%cal Gd5c3]}) 29... f5 $1 {Start of counter-approach.} 30. Qe2 Nf6 {[%csl Rh5]
} 31. Bxc6 (31. Bf3 Nd5 $17 {[%cal Gd5c3]}) 31... Bxh5 ({Dubious is} 31... Bxc6
$6 32. Rxc6 Rxc6 33. Rxc6 Qe8 34. Qc4 Qxh5 35. Qxe6 Ra8 (35... Ng4 36. Rc8+ Kh7
37. Qg8+ Kg6 38. Rc6+ Nf6 39. Kg2 $14) 36. Rc8+ Rxc8 37. Qxc8+ Kh7 38. Nxa5
Qd1+ (38... Ng4 39. Kf1 Nh2+ 40. Kg2 Qf3+ 41. Kg1 (41. Kxh2 Qxf2+ 42. Kh3 Qf1+
$11) 41... Ng4 42. Qc2 Kg6 43. Nc4 (43. Nb3 Nxf2 44. Qxf2 Qd1+ $17) 43... b3
44. Qd2 Qc6 45. Nb2 $14) 39. Kg2 Qxa4 40. Qxf5+ $16) 32. Qb5 Kh7 33. Nc5 $1 (
33. Rc5 $6 Nd7 (33... Nd5 34. Nxa5 Nc3 35. R1xc3 bxc3 36. Nb7 Rxb7 37. Qxb7 $16
) 34. Bxd7 (34. R5c2 Nb8 35. Bg2 Be8 36. Qc5 Rb6 $17 {[%csl Ra4]}) 34... Qxd7
35. Qxd7 Rdxd7 36. Nxa5 Rd5 $15) 33... Be8 $2 $14 34. Bxe8 $2 $132 ({Both
sides didn't see} 34. Nxe6 $1 Qe7 (34... Rxe6 35. Qxf5+ Bg6 36. Qxe6 Re7 37.
Qb3 Bxc2 38. Qxc2+ $16) 35. Nf4 Rxc6 36. Rxc6 Qe4 37. d5 $14) 34... Qxe8 35.
Qxe8 $1 (35. Qe2 $2 Rc7 $17) 35... Nxe8 {In this endgame position Black has
defenced free P b4over, but white pieces placed well: RR on the open line "c",
N in the center.} 36. Nb3 {[%csl Ra5][%cal Gc2c5]} Nf6 37. Rc7 ({Strong was} 
37. Rc6 {[%csl Re6] to attack e6 weakness.} Rxc6 38. Rxc6 Nd5 39. Rxe6 Nc3 40.
Nc5 $132) 37... Rda6 38. Rxa7 Rxa7 39. Rc5 $2 $17 {White attack not right pawn.
..} (39. Rc6 $1 $11 {[%csl Re6] -Like in previous variation after 38 move})
39... Ne4 40. Re5 (40. Rxa5 $2 Rxa5 41. Nxa5 Nc3 42. Kf1 Nxa4 43. Ke1 Nc3 $17)
40... Ra6 41. Nxa5 (41. g4 $5 Ng5 42. Kf1 fxg4 $17) 41... Nc3 42. Nc4 $2 $19 (
42. Nb3 Nxa4 (42... Rxa4 43. Rxe6 Ra3 44. Nc5 Ra2 45. Rb6 $11) 43. Rb5 Rb6 $17)
42... Rxa4 43. Rxe6 b3 44. Rc6 (44. Nd2 b2 45. Rb6 Ra1+ $19) 44... Rxc4 45.
Rxc4 b2 46. Rxc3 b1=Q+ 47. Kg2 Qe4+ 48. Kg1 Kg6 {Black wins very easily.} 49.
Rc7 Kf6 50. Ra7 g6 51. Ra6+ Kg5 52. Rb6 Kh5 53. Kf1 Qf3 54. Ke1 g5 55. Rb2 Kg4
56. Rd2 Qd5 57. Ke2 h5 58. Rd1 Kh3 59. Kd3 Kg2 60. Rd2 Kf3 0-1